00387nam a22001217a 4500040000900000100002800009245002300037260004400060300001000104942001200114999001900126952012000145 cSCME aTrinh Xuan Thuan992096 aThe secret melody  aNew YorkbOxford University Pressc1995 a313p. 2ddccBK c590206d590206 00102ddc4070aSCMEbSCMEcCARTd2022-06-27l2m2o523.1 t532tpscme-4825r2023-09-26s2023-09-04w2022-06-27yBK